000
00323nam a2200157Ia 4500
100
_a
Muller/ Robert J
250
_a
2
942
_c
BK
654
_a
oracle
245
_a
Oracle : Developer/2000
260
_b
Oracle Press
_a
New Delhi
_c
1997
082
_a
5.13
_b
MUL
300
_a
728
546
_a
ENGLISH
999
_c
24265
_d
24265